<?xml version="1.0" encoding="UTF-8"?>
<record
    xmlns:xsi="http://www.w3.org/2001/XMLSchema-instance"
    xsi:schemaLocation="http://www.loc.gov/MARC21/slim http://www.loc.gov/standards/marcxml/schema/MARC21slim.xsd"
    xmlns="http://www.loc.gov/MARC21/slim">

  <leader>02240njm a2200373Ia 4500</leader>
  <controlfield tag="001">26074</controlfield>
  <controlfield tag="003">IT-RoPAU</controlfield>
  <controlfield tag="005">20220918181124.0</controlfield>
  <controlfield tag="008">131025s9999    xx            000 0 und d</controlfield>
  <datafield tag="040" ind1=" " ind2=" ">
    <subfield code="a">IT-RoPAU</subfield>
  </datafield>
  <datafield tag="040" ind1=" " ind2=" ">
    <subfield code="c">IT-RoPAU</subfield>
  </datafield>
  <datafield tag="999" ind1=" " ind2=" ">
    <subfield code="c">100053</subfield>
    <subfield code="d">100053</subfield>
  </datafield>
  <datafield tag="999" ind1=" " ind2=" ">
    <subfield code="b">n.d.</subfield>
  </datafield>
  <datafield tag="100" ind1=" " ind2=" ">
    <subfield code="a">AA.VV.</subfield>
    <subfield code="9">794</subfield>
  </datafield>
  <datafield tag="100" ind1=" " ind2=" ">
    <subfield code="e">Autore musica</subfield>
    <subfield code="9">15481</subfield>
  </datafield>
  <datafield tag="100" ind1=" " ind2=" ">
    <subfield code="g">Codice autore musica SPICS: 12000</subfield>
    <subfield code="9">796</subfield>
  </datafield>
  <datafield tag="245" ind1=" " ind2=" ">
    <subfield code="a">Phenomena</subfield>
  </datafield>
  <datafield tag="250" ind1=" " ind2=" ">
    <subfield code="a">1a ed.</subfield>
  </datafield>
  <datafield tag="260" ind1=" " ind2=" ">
    <subfield code="a">ITALIA</subfield>
  </datafield>
  <datafield tag="260" ind1=" " ind2=" ">
    <subfield code="b">CINEVOX RECORD</subfield>
    <subfield code="c">1985 [1a Ed.:1985 - Ed. Lingua Orig.: 1985]</subfield>
  </datafield>
  <datafield tag="300" ind1=" " ind2=" ">
    <subfield code="a">DISCO</subfield>
  </datafield>
  <datafield tag="300" ind1=" " ind2=" ">
    <subfield code="c">41 minuti (Testo:  pag.)</subfield>
  </datafield>
  <datafield tag="500" ind1=" " ind2=" ">
    <subfield code="a">Colonna sonora originale del film omonimo di Dario Argento</subfield>
  </datafield>
  <datafield tag="505" ind1=" " ind2=" ">
    <subfield code="a">Phenomena [(Simonetti Claudio) (5:00)] - Flash of the Blade [(Iron Maiden) (5:00)] - Jennifer [(Goblin) (4:00)] - The Quick and the Dead [(Andi Sex Gang) (4:00)] - The Wind [(Goblin) (2:00)] - Two Tribes [(Frankie Goes To Hollywood) (4:00)] - Valley [(Taylor Terry) (5:00)] - Sleepwalking [(Goblin) (4:00)] - Locomotive [(Motorhead) (4:00)] - You Dont't Know Me [(Andi Sex Gang) (3:00)] - Jennifer's Friend [(Goblin) (4:00)] - The Maggots [(Boswell Simon) (2:00)] - The Naked and the Dead [(Andi Sex Gang) (3:00)]</subfield>
  </datafield>
  <datafield tag="650" ind1=" " ind2=" ">
    <subfield code="a">COLONNA SONORA [DISCHI]</subfield>
    <subfield code="e">Codice MATERIA SPICS: 9950</subfield>
    <subfield code="9">15482</subfield>
  </datafield>
  <datafield tag="700" ind1=" " ind2=" ">
    <subfield code="a">Simonetti Claudio</subfield>
    <subfield code="d">Codice autore musica SPICS: 15928</subfield>
    <subfield code="e">Autore musica</subfield>
    <subfield code="p">Phenomena - The Wind - Sleepwalking - Jennifer's Friend</subfield>
    <subfield code="9">15483</subfield>
  </datafield>
  <datafield tag="700" ind1=" " ind2=" ">
    <subfield code="a">Dickinson Jim Treeby</subfield>
    <subfield code="d">Codice autore musica SPICS: 11046</subfield>
    <subfield code="e">Autore musica</subfield>
    <subfield code="p">Flash of the Blade</subfield>
    <subfield code="9">15484</subfield>
  </datafield>
  <datafield tag="700" ind1=" " ind2=" ">
    <subfield code="a">Pignatelli Fabio</subfield>
    <subfield code="d">Codice autore musica SPICS: 15929</subfield>
    <subfield code="e">Autore musica</subfield>
    <subfield code="p">Jennifer - The Wind - Sleepwalking - Jennifer's Friend</subfield>
    <subfield code="9">15485</subfield>
  </datafield>
  <datafield tag="700" ind1=" " ind2=" ">
    <subfield code="a">Boswell Simon</subfield>
    <subfield code="d">Codice autore musica SPICS: 15931</subfield>
    <subfield code="e">Autore musica</subfield>
    <subfield code="p">The Quick and the Dead - You Dont't Know Me - Jennifer's Friend - The Maggots - The Naked and the Dead </subfield>
    <subfield code="9">15486</subfield>
  </datafield>
  <datafield tag="700" ind1=" " ind2=" ">
    <subfield code="a">Fgth</subfield>
    <subfield code="d">Codice autore musica SPICS: 15933</subfield>
    <subfield code="e">Autore musica</subfield>
    <subfield code="p">Two Tribes</subfield>
    <subfield code="9">15487</subfield>
  </datafield>
  <datafield tag="700" ind1=" " ind2=" ">
    <subfield code="a">Wyman Bill</subfield>
    <subfield code="d">Codice autore musica SPICS: 15934</subfield>
    <subfield code="e">Autore musica</subfield>
    <subfield code="p">Valley</subfield>
    <subfield code="9">15488</subfield>
  </datafield>
  <datafield tag="700" ind1=" " ind2=" ">
    <subfield code="a">Kilmister</subfield>
    <subfield code="d">Codice autore musica SPICS: 15936</subfield>
    <subfield code="e">Autore musica</subfield>
    <subfield code="p">Locomotive</subfield>
    <subfield code="9">15489</subfield>
  </datafield>
  <datafield tag="700" ind1=" " ind2=" ">
    <subfield code="a">Burstow</subfield>
    <subfield code="d">Codice autore SPICS: 15938</subfield>
    <subfield code="e">Autore</subfield>
    <subfield code="p">Locomotive</subfield>
    <subfield code="9">15490</subfield>
  </datafield>
  <datafield tag="942" ind1=" " ind2=" ">
    <subfield code="c">MD</subfield>
    <subfield code="2">ddc</subfield>
  </datafield>
  <datafield tag="952" ind1=" " ind2=" ">
    <subfield code="0">0</subfield>
    <subfield code="1">0</subfield>
    <subfield code="4">0</subfield>
    <subfield code="6">26074_000000000000000</subfield>
    <subfield code="7">1</subfield>
    <subfield code="a">SPICS</subfield>
    <subfield code="b">SPICS</subfield>
    <subfield code="d">2013-10-25</subfield>
    <subfield code="l">0</subfield>
    <subfield code="o">26074</subfield>
    <subfield code="r">2013-10-25 00:00:00</subfield>
    <subfield code="w">2013-10-25</subfield>
    <subfield code="y">MD</subfield>
    <subfield code="z">Progr. Ins.: 5942 / N.Vol.: 1 / Copie: 1 - Copia rara: n.d. / date import: 01.01.2014 - By Epidotti, Trombetti, Vaglietti</subfield>
  </datafield>
</record>
